01892cam a22004455a 450000100090000000300090000900500170001800800410003502000250007604000500010104100180015108200200016924502720018924600730046126400310053426400100056530000530057533600260062833700280065433800270068250000230070950400510073254600410078365000490082465000310087365100100090465300350091465500240094970000370097370000350101070000380104570000390108370000350112270000350115770000350119270000350122794200120126299900170127495201550129112913419EG-ScBUE20220911103649.0020823t2013 gw a f bd 001 0deng d a9783836528160 (v. 4) aDLCbengerdacDLCdDLCdEG-ScBUE dEG-ScBUE 0 aengafreager04a709.05bART22200aArt now.nvolume 4 /c[edited by Hans Werner Holzwarth ; texts by John Beeson [and fifteenth others] ; English translation by Christopher Cordy, Tim Connell ; German translation by Bernhard Geyer, Bram Opstelten ; French translation by Jacques Bosser, Wolf Fruhtrunk]34aArt now :ba cutting-edge selection of today's most exciting artists 1aKöln ;bTaschen,c[2013] 4cc2013 a575 pages :billustrations (some color) ;c27 cm 2rdacontentatextbtxt 2rdamediaaunmediatedbn 2rdacarrieravolumebnc aIncludes glossary. aIncludes bibliographical references and index. aText in English, French, and German. 7aArt movementsxHistoryy20th century.2BUEsh 7aArtistsvBiography.2BUEsh 2BUEsh bCOMAMEcJune2015cFebruary2016 vReading book9342321 aHolzwarth, Hans Werner,eeditor.1 aBeeson, John, eeditor.9358451 aCordy, Christopher, etranslator.1 aConnell, Tim, etranslator.9415511 aGeyer, Bernhard, etranslator.1 aOpstelten, Bram, etranslator.1 aBosser, Jacques, etranslator.1 aFruhtrunk, Wolf, etranslator. 2ddccBB c19786d19758 00102ddc40708AlahramaMAINbMAINc2NDd2015-06-21ePurchaseg378.00h299l1m4o709.05 ARTp000038722r2025-07-15 00:00:00s2021-03-17v472.50yBB